LEADER 02951 am 2200769 n 450 001 9910418051203321 005 20181231 010 $a88-5526-027-8 024 7 $a10.4000/books.ledizioni.10039 035 $a(CKB)4100000010105964 035 $a(FrMaCLE)OB-ledizioni-10039 035 $a(oapen)https://directory.doabooks.org/handle/20.500.12854/44990 035 $a(PPN)242886485 035 $a(EXLCZ)994100000010105964 100 $a20200120j|||||||| ||| 0 101 0 $aita 135 $auu||||||m|||| 181 $ctxt$2rdacontent 182 $cc$2rdamedia 183 $acr$2rdacarrier 200 10$aDi donne e cavallier $eIntorno al primo Furioso /$fCristina Zampese 210 $aMilano $cLedizioni$d2018 215 $a1 online resource (240 p.) 311 $a88-6705-861-4 330 $aDa tempo la critica ariostesca va richiamando l?attenzione sui caratteri peculiari della prima edizione (1516) dell?Orlando Furioso, un «capolavoro assoluto» (Dionisotti) che va considerato per il suo valore autonomo, subito riconosciutogli dai lettori, e non solo in funzione dell?approdo finale del 1532. Questo volume, che raccoglie i contributi di otto specialisti di Ariosto e della cultura cinquecentesca, attivi in Italia e all?estero (Marco Dorigatti, Claudio Vela, Tina Matarrese, Neil Harris, Alberto Casadei, Anna Maria Cabrini, Eleonora Stoppino, Maria Pavlova), propone una riflessione mirata sulla princeps, sulla sua specifica fortuna e sull?attività dell?autore negli anni della prima elaborazione del poema, allargando lo sguardo al panorama culturale a lui contemporaneo. 606 $aLiterature, Romance 606 $aAriosto 606 $aromance papers 606 $aphilologie 606 $alittérature 606 $aOrlando Furioso 606 $acarte romanze 606 $afilologia 606 $aletteratura 606 $aphilology 606 $aliterature 610 $aliterature 610 $aromance papers 610 $aphilology 610 $aAriosto 610 $aOrlando Furioso 615 4$aLiterature, Romance 615 4$aAriosto 615 4$aromance papers 615 4$aphilologie 615 4$alittérature 615 4$aOrlando Furioso 615 4$acarte romanze 615 4$afilologia 615 4$aletteratura 615 4$aphilology 615 4$aliterature 700 $aCabrini$b Anna Maria$01328312 701 $aCasadei$b Alberto$0147595 701 $aDorigatti$b Marco$0301485 701 $aHarris$b Neil$0176804 701 $aMatarrese$b Tina$0157039 701 $aPavlova$b Maria$01328313 701 $aStoppino$b Eleonora$01201144 701 $aVela$b Claudio$0175313 701 $aZampese$b Cristina$0221287 701 $aZampese$b Cristina$0221287 801 0$bFR-FrMaCLE 906 $aBOOK 912 $a9910418051203321 996 $aDi donne e cavallier$93038473 997 $aUNINA LEADER 03270 am 2200553 n 450 001 9910522605103321 005 20211015 010 $a2-7535-8529-6 024 7 $a10.4000/books.pur.155065 035 $a(CKB)4100000012468477 035 $a(FrMaCLE)OB-pur-155065 035 $a(oapen)https://directory.doabooks.org/handle/20.500.12854/86690 035 $a(PPN)267962665 035 $a(EXLCZ)994100000012468477 100 $a20220202j|||||||| ||| 0 101 0 $afre 135 $auu||||||m|||| 181 $ctxt$2rdacontent 182 $cc$2rdamedia 183 $acr$2rdacarrier 200 10$aPour la plus grande gloire du roi $eLouis XIV en thèses /$fVéronique Meyer 210 $aRennes $cPresses universitaires de Rennes$d2021 215 $a1 online resource (372 p.) 225 1 $aHistoire 311 $a2-7535-5464-1 330 $aC?est au xviie siècle en France que la thèse illustrée connaît son apogée. À l?exemple de Richelieu et de Mazarin, Louis XIV accorda aux thèses une place de choix dans la diffusion de son image. De 1638 à 1704, plus de 130 thèses de philosophie, théologie, droit et médecine lui furent dédiées. Même si certaines sont destinées à son père, à sa mère ou aux parlements de province, il apparaît en haut de l?affiche en personne ou par ses armoiries. Les étudiants étaient issus de l?entourage royal, fils de ministres ou de parlementaires, membres de congrégations religieuses, et quelquefois même étrangers. Courtisans, parlementaires et ecclésiastiques de haut rang participaient à la soutenance publique où le candidat et sa famille adressaient des éloges au roi. On y distribuait des affiches ornées de son portrait ou d?une allégorie à sa gloire exécutées par les meilleurs artistes du temps, aussi les dépenses engagées étaient-elles considérables. Soutenues à Paris, mais également en province et à l?étranger, les thèses, et avec elles l?image du roi, pénétraient les demeures des Français et se diffusaient à l?extérieur du royaume. Cet ouvrage décrit successivement la place des thèses dans le cursus universitaire, leur soutenance, leur dédicace et leur diffusion ainsi que l?élaboration de leurs illustrations, en insistant sur le rôle des peintres, graveurs et éditeurs. Il montre comment elles rendent compte de l?histoire du roi et de l?évolution de son portrait physique et moral. Ce volume est accompagné d?un catalogue raisonné, abondamment illustré, des thèses dédiées au roi, consultable sur les sites du Centre de recherche du château de Versailles et des Presses universitaires de Rennes. 606 $aHistory 606 $aFrance 606 $ahistoire moderne 606 $aLouis XIV 606 $acour 606 $athèse 610 $aFrance 610 $ahistoire moderne 610 $aLouis XIV 610 $acour 610 $athèse 615 4$aHistory 615 4$aFrance 615 4$ahistoire moderne 615 4$aLouis XIV 615 4$acour 615 4$athèse 700 $aMeyer$b Véronique$01304060 801 0$bFR-FrMaCLE 906 $aBOOK 912 $a9910522605103321 996 $aPour la plus grande gloire du roi$93027262 997 $aUNINA